000
00299 a2200121 4500
001
146620
040
_c
Escola São Tomás de Aquino
100
_a
DUPRÉ, Maria José
240
1
0
_a
A montanha encantada
_l
por
245
1
0
_a
A montanha encantada
697
_a
*LITERATURA INFANTO JUVENIL
942
_c
BK
999
_c
146620
_d
146620